000 00433nam a2200157Ia 4500
008 090124s9999 xx 000 0 und d
082 _b202601
245 _a शततारका
250 _a1
260 _bजोशी बंडू गणपती
_c1980
300 _a99+11
630 _a शततारका
700 _aजोशी बंडू गणपती
730 _a शततारका
942 _cBOOK
999 _c184182
_d184182